• 首页
  • 本馆介绍
  • 公告通知
  • 最新文献
  • 馆藏检索
  • 电子资源
  • 读者导购
  • 参考咨询
  • 我的图书馆
  • 登录
  • 详细信息显示
  • 放入我的书架
  • 预约/预借图书
  • 作者相关作品
  • 分类相关作品
  • 丛书相关作品
  • 出版社相关作品

书目信息

  • 表格格式
  • 工作单格式
  • 卡片格式
题名:
最美流年遇见最美古诗词
    
 
作者: 柳七公子 著
分册:  
出版信息: 北京   中国言实出版社  2016
页数: 268页
开本: 21cm
丛书名:
单 册:
中图分类: I222.72
科图分类:
主题词: 古典诗歌--gu dian shi ge--诗集--中国
电子资源:
ISBN: 978-7-5171-1004-0
000 00678nam0 22002291 450
001 0109172416
005 20170309172416.0
010    @a978-7-5171-1004-0@dCNY32.00
100    @a20160202d2016 em y0chiy50 ea
101 0  @achi
102    @aCN@b110000
105    @ay z 000gy
106    @ar
200 1  @a最美流年遇见最美古诗词@9zui mei liu nian yu jian zui mei gu shi ci@f柳七公子著
210    @a北京@c中国言实出版社@d2016
215    @a268页@d21cm
300    @a丑牛系列
606 0  @a古典诗歌@9gu dian shi ge@x诗集@y中国
690    @aI222.72@v5
701  0 @a柳七公子@9liu qi gong zi@f(197?~)@4著
801  0 @aCN@bTANGWEI@c20170308
905    @b0953288-91@dI222.72@e574@f4
    
    最美流年遇见最美古诗词/柳七公子著.-北京:中国言实出版社,2016
    268页;21cm
    丑牛系列
    
    ISBN 978-7-5171-1004-0:CNY32.00
    
●
相关链接 在E读中查询图书 在五车中查询图书 在当当中查询图书 在豆瓣中查询图书


正题名:最美流年遇见最美古诗词     索取号:I222.72/574         预约/预借

序号 登录号 条形码 馆藏地/架位号 状态 备注
1 0953288   209532889   第一样本阅览室/ [索取号:I222.72/574] 在馆    
2 0953289   209532898   第二借阅区/ [索取号:I222.72/574] 在馆    
3 0953290   209532905   第二借阅区/ [索取号:I222.72/574] 在馆    
4 0953291   209532914   第二借阅区/ [索取号:I222.72/574] 在馆    
唐山师范学院图书馆 欢迎您!
大连网信软件有限公司© 版权所有